Svrchovanost zprava i zleva / Zvrchovanosť sprava aj zľava /
Saved in:
| Other Authors: | |
|---|---|
| Format: | Book |
| Published: |
Dauphin
2022
|
| Edition: | 1. vydanie |
| Tags: |
No Tags, Be the first to tag this record!
|
MARC
| LEADER | 00000nam a22000003a 4500 | ||
|---|---|---|---|
| 001 | 0099110 | ||
| 003 | SK-STU | ||
| 005 | 20221212154911.5 | ||
| 007 | ta | ||
| 008 | 221212s ----xo-----e------000-0-----d | ||
| 040 | |a STU |b slo | ||
| 100 | 1 | |a Drulák, Petr |4 edt | |
| 245 | 1 | 0 | |a Svrchovanost zprava i zleva / Zvrchovanosť sprava aj zľava / |c ed. Petr Drulák |
| 250 | |a 1. vydanie | ||
| 260 | |b Dauphin |c 2022 | ||
| 300 | |a 376 s. |b brožovaná väzba | ||
| 996 | |c I* I*3N13786 |l I |s A |a 24 |w 0099110_0001 | ||